Funkcje nauki stosunków międzynarodowych : (Rekord nr 20671)
| 000 -ETYKIETA REKORDU | |
|---|---|
| podpole kontrolne o stałej długości | 00558nam a2200181 i 4500 |
| 001 - NUMER KONTROLNY REKORDU | |
| pole kontrolne | bg |
| 040 ## - ŹRÓDŁO KATALOGOWANIA | |
| Instytucja, która utworzyła rekord | BPK |
| 041 ## - KOD JĘZYKA | |
| Kod języka tekstu | pol |
| 080 ## - UNIWERSALNA KLASYFIKACJA DZIESIĘTNA - UKD | |
| UKD | 327(100) |
| 008 - POLE O STAŁEJ DŁUGOŚCI - DANE KONTROLNE | |
| podpole kontrolne o stałej długości | s pl f |000 0 pol |
| 245 #0 - TYTUŁ/ODPOWIEDZIALNOŚĆ | |
| Tytuł | Funkcje nauki stosunków międzynarodowych : |
| Ciąg dalszy tytułu | zbiór prac / |
| Pozostałe elementy strefy tytułu i oznaczenia odpowiedzialności | pod red. Artura Bodnara. |
| 260 ## - STREFA ADRESU WYDAWNICZEGO | |
| Miejsce wydania | Warszawa : |
| Nazwa wydawcy/dystrybutora | Centr. Ośr. Met. Studiów i Nauk. Pol., |
| Data publikacji, dystrybucji/powstania dokumentu | 1979. |
| 300 ## - STREFA OPISU FIZYCZNEGO | |
| Objętość | s. 140 : |
| Inne cechy fizyczne | rys. |
| 500 ## - UWAGI OGÓLNE | |
| Tekst uwagi | Do użytku wew. |
| 501 ## - UWAGA DOTYCZĄCA PRAC WSPÓŁWYDANYCH | |
| Tekst uwagi | Międzyresortowa Nauk. Bad. Grupa Tematyczna MR III 3.7. |
| 700 1# - HASŁO DODATKOWE - NAZWA OSOBOWA | |
| Nazwa osobowa | Bodnar, Artur. |
| Określenie związku między hasłem a opisywanym materiałem | Red. |
| 856 ## - LOKALIZACJA I DOSTĘP DO ELEKTRONICZNYCH DOKUMENTÓW ZDALNYCH | |
| Link (URL) | http://koha.tu.koszalin.pl/cgi-bin/koha/opac-detail.pl?biblionumber=20671 |
| Tekst linku | Katalog online BPK |
| 942 ## - DODATKOWE ELEMENTY (KOHA) | |
| Typ dokumentu | Książka |
| Wycofany | Status egzemplarza | Uszkodzony | Dostępność | Lokalizacja stała | Lokalizacja bieżąca | Miejsce przechowywania | Sygnatura | Kod kreskowy | Typ dokumentu |
|---|---|---|---|---|---|---|---|---|---|
| Dostępny | Biblioteka Politechniki Koszalińskiej | Biblioteka Politechniki Koszalińskiej | Wypożyczalnia BG | 29082 | 01621266 | Książka |
